[Event "Pontevedra op-B 6th"]
[Site "Pontevedra"]
[Date "2018.08.13"]
[Round "8"]
[White "Ferreiro Solla, Pablo"]
[Black "Nurgaliyev, Sauat"]
[Result "0-1"]
[WhiteElo "1820"]
[BlackElo "1613"]
[PlyCount "148"]
[EventDate "2018.08.08"]
[EventType "swiss"]
[EventRounds "9"]
[EventCountry "ESP"]
[SourceTitle "CBM 186 Extra"]
[Source "ChessBase"]
[SourceDate "2018.08.24"]
[SourceVersion "1"]
[SourceVersionDate "2018.08.24"]
[SourceQuality "1"]

1. e4 c6 2. Nc3 d5 3. Nf3 e6 4. d4 dxe4 5. Nxe4 Nd7 6. Bd3 Ngf6 7. 0-0 Be7 8. Re1 0-0 9. c3 h6 10. Bf4 Nxe4 11. Bxe4 Nf6 12. Bd3 c5 13. Qc2 Nd5 14. Bg3 Bd7 15. dxc5 Bxc5 16. Ne5 Rc8 17. Rad1 Bb6 18. Nxd7 Qxd7 19. Be4 Qb5 20. a4 Qc5 21. Qb3 Rfd8 22. Re2 Qc4 23. Qxc4 Rxc4 24. Bxd5 exd5 25. a5 Bxa5 26. Re5 Re4 27. Kf1 Rxe5 28. Bxe5 f6 29. Bd4 a6 30. Ke2 Kf7 31. f4 Bc7 32. Kf3 g5 33. f5 Be5 34. Bb6 Rd7 35. h3 h5 36. g4 h4 37. Ke3 Ke7 38. Bc5+ Kd8 39. Bb6+ Kc8 40. Kd3 Rd6 41. Bc5 Rd8 42. Bb6 Rd6 43. Bc5 Rd7 44. Bb6 Re7 45. Kc2 Kd7 46. Bc5 Re8 47. Rxd5+ Kc6 48. c4 b5 49. Ba3 Bf4 50. Rc5+ Kb6 51. cxb5 axb5 52. Rc3 Re2+ 53. Kb3 Be5 54. Bc5+ Kc6 55. Bd4+ Kd5 56. Bxe5 Kxe5 57. Rc5+ Kf4 58. Rc3 Re3 59. Rxe3 Kxe3 60. Kb4 Kf3 61. Kxb5 Kg2 62. Kc4 Kxh3 63. b4 Kxg4 64. b5 h3 65. b6 h2 66. b7 h1Q 67. b8Q Qc6+ 68. Kd3 Kxf5 69. Qa7 Qe4+ 70. Kd2 g4 71. Qh7+ Kf4 72. Qh6+ Kg3 73. Qh8 f5 74. Qc3+ Kh2 0-1

[Event "Ferrol op 32th"]
[Site "Ferrol"]
[Date "2017.07.24"]
[Round "9"]
[White "Ferreiro Solla, Pablo"]
[Black "Vazquez Porta, Andres"]
[Result "1-0"]
[WhiteElo "1826"]
[BlackElo "1351"]
[PlyCount "33"]
[EventDate "2017.07.16"]
[EventType "swiss"]
[EventRounds "9"]
[EventCountry "ESP"]
[SourceTitle "EXT 2024"]
[Source "ChessBase"]
[SourceDate "2023.10.10"]
[SourceVersion "1"]
[SourceVersionDate "2023.10.10"]
[SourceQuality "1"]

1. e4 c5 2. Nc3 d6 3. Nge2 g6 4. d4 cxd4 5. Nxd4 Nf6 6. Be3 Bg7 7. f3 0-0 8. Qd2 Bd7 9. 0-0-0 Nc6 10. g4 a5 11. h4 Rc8 12. h5 Ne5 13. hxg6 fxg6 14. Bh6 Nf7 15. Bxg7 Kxg7 16. Bb5 Bxb5 17. Ne6+ 1-0

[Event "Ferrol op 32th"]
[Site "Ferrol"]
[Date "2017.07.16"]
[Round "1"]
[White "Del Rio Suarez, Emilio"]
[Black "Ferreiro Solla, Pablo"]
[Result "0-1"]
[WhiteElo "1275"]
[BlackElo "1826"]
[PlyCount "68"]
[EventDate "2017.07.16"]
[EventType "swiss"]
[EventRounds "9"]
[EventCountry "ESP"]
[SourceTitle "EXT 2024"]
[Source "ChessBase"]
[SourceDate "2023.10.10"]
[SourceVersion "1"]
[SourceVersionDate "2023.10.10"]
[SourceQuality "1"]

1. e4 c5 2. Nc3 Nc6 3. Nf3 e6 4. Be2 d5 5. 0-0 d4 6. Nb1 Nf6 7. d3 e5 8. Bg5 Be7 9. Bxf6 Bxf6 10. c4 dxc3 11. Nxc3 Be6 12. Re1 0-0 13. Qc2 Rc8 14. Rad1 Nd4 15. Nxd4 cxd4 16. h3 dxc3 17. bxc3 Qa5 18. c4 Bd7 19. Qd2 Qxd2 20. Rxd2 Rfd8 21. Rb1 Bc6 22. Rdb2 Be7 23. Bd1 Rxd3 24. Bf3 Rcd8 25. Kh2 Ba3 26. Rb3 g6 27. Rxd3 Rxd3 28. Rd1 Rxd1 29. Bxd1 Bxe4 30. f3 Bd3 31. c5 Bxc5 32. Bb3 b5 33. h4 Bc4 34. Bxc4 bxc4 0-1

[Event "Gallego-ch U18"]
[Site "Viveiro"]
[Date "2017.02.27"]
[Round "5"]
[White "Represa Perez, Mireya"]
[Black "Ferreiro Solla, Pablo"]
[Result "1-0"]
[WhiteElo "2108"]
[BlackElo "1704"]
[PlyCount "57"]
[EventDate "2017.02.25"]
[EventType "swiss"]
[EventRounds "8"]
[EventCountry "ESP"]
[SourceTitle "EXT 2024"]
[Source "ChessBase"]
[SourceDate "2023.10.10"]
[SourceVersion "1"]
[SourceVersionDate "2023.10.10"]
[SourceQuality "1"]

1. e4 e6 2. d4 d5 3. Nc3 Nf6 4. e5 Nfd7 5. f4 c5 6. Nf3 Nc6 7. Be3 a6 8. Qd2 g5 9. dxc5 gxf4 10. Bxf4 Bxc5 11. 0-0-0 b5 12. Kb1 Bb7 13. Bd3 Qb6 14. Rhf1 0-0-0 15. a3 Rdg8 16. Rde1 Nd4 17. Ng5 Rg7 18. Bg3 Be7 19. Nxf7 Rf8 20. Nd6+ Bxd6 21. exd6 Rgf7 22. Rxf7 Rxf7 23. Qg5 a5 24. Ne2 b4 25. Nxd4 Qxd4 26. Rxe6 Bc6 27. Re8+ Kb7 28. Qd8 Qa7 29. Qc7# 1-0

[Event "Pontevedra Toxa op"]
[Site "Pontevedra"]
[Date "2016.09.24"]
[Round "1"]
[White "Gascon del Nogal, Jose Rafael"]
[Black "Ferreiro Solla, Pablo"]
[Result "1-0"]
[WhiteElo "2436"]
[BlackElo "1765"]
[PlyCount "29"]
[EventDate "2016.09.24"]
[EventType "swiss"]
[EventRounds "9"]
[EventCountry "ESP"]
[SourceTitle "CBM 174 Extra"]
[Source "ChessBase"]
[SourceDate "2016.10.10"]
[SourceVersion "1"]
[SourceVersionDate "2016.10.10"]
[SourceQuality "1"]

1. e4 c5 2. Nf3 d6 3. Bb5+ Nd7 4. 0-0 e5 5. c3 a6 6. Ba4 b5 7. Bc2 Bb7 8. d4 Ngf6 9. Qe2 g6 10. dxe5 Nxe5 11. Nxe5 dxe5 12. c4 Bc6 13. Nc3 b4 14. Nd5 Nxd5 15. exd5 1-0

[Event "Ferrol op 31th"]
[Site "Ferrol"]
[Date "2016.07.22"]
[Round "5"]
[White "Ferreiro Solla, Pablo"]
[Black "Tenreiro, Jose Manuel"]
[Result "1-0"]
[WhiteElo "1721"]
[BlackElo "1378"]
[PlyCount "69"]
[EventDate "2016.07.18"]
[EventType "swiss"]
[EventRounds "9"]
[EventCountry "ESP"]
[SourceTitle "EXT 2024"]
[Source "ChessBase"]
[SourceDate "2023.10.10"]
[SourceVersion "1"]
[SourceVersionDate "2023.10.10"]
[SourceQuality "1"]

1. e4 e5 2. Qh5 Bd6 3. Bc4 Qe7 4. Nc3 Nf6 5. Qf3 Nc6 6. Nge2 Nb4 7. Bb3 b6 8. d3 h6 9. Ng3 Bb7 10. Nf5 Qf8 11. Nb5 a6 12. Nfxd6+ cxd6 13. Nc7+ Ke7 14. Nxa8 Qxa8 15. c3 Nxd3+ 16. Qxd3 Bxe4 17. Qg3 b5 18. Qxg7 Bg6 19. Bxf7 Rh7 20. Bd5+ Rxg7 21. Bxa8 d5 22. Bxh6 Rg8 23. Bb7 Rb8 24. Bxa6 Rb6 25. Bc8 Rb8 26. Bxd7 Kxd7 27. Bg7 Ke6 28. Bxf6 Kxf6 29. Rd1 Ke6 30. f3 e4 31. Kf2 Rf8 32. h4 Bh5 33. Rh3 Ke5 34. Rg3 Kf4 35. Rg5 1-0

[Event "Ferrol op 31th"]
[Site "Ferrol"]
[Date "2016.07.20"]
[Round "3"]
[White "Ferreiro Solla, Pablo"]
[Black "Prado Acebo, Ines"]
[Result "1/2-1/2"]
[WhiteElo "1721"]
[BlackElo "2005"]
[PlyCount "154"]
[EventDate "2016.07.18"]
[EventType "swiss"]
[EventRounds "9"]
[EventCountry "ESP"]
[SourceTitle "EXT 2024"]
[Source "ChessBase"]
[SourceDate "2023.10.10"]
[SourceVersion "1"]
[SourceVersionDate "2023.10.10"]
[SourceQuality "1"]

1. e4 c5 2. Nf3 e6 3. c3 Nf6 4. e5 Nd5 5. d4 cxd4 6. cxd4 d6 7. Nc3 Nc6 8. Nxd5 exd5 9. h3 Qb6 10. exd6 Bxd6 11. Bd3 Bb4+ 12. Kf1 Bd7 13. a3 Be7 14. g3 0-0 15. Kg2 Bf6 16. Bg5 Bxd4 17. Nxd4 Qxd4 18. Rc1 f5 19. b4 a6 20. Be2 Be6 21. Bf3 h6 22. Be3 Qxd1 23. Rcxd1 Rad8 24. Bb6 Rd7 25. Rhe1 Kf7 26. Re2 g6 27. Red2 Ne7 28. Bc5 Rfd8 29. Bb6 Rc8 30. Bc5 Rc6 31. Rd3 b6 32. Be3 h5 33. h4 Rd8 34. Bg5 Rcd6 35. Bf4 R6d7 36. Be3 Rb8 37. R3d2 a5 38. b5 Rbb7 39. Bg5 Rd8 40. Kf1 Rc7 41. Be3 Rb7 42. Kg2 Ke8 43. Bg5 Bf7 44. Re1 Rdd7 45. Kh2 Kf8 46. Bh6+ Kg8 47. Bg5 Nc8 48. Red1 Rbc7 49. Bxd5 Bxd5 50. Rxd5 Rxd5 51. Rxd5 Kf7 52. Rd4 Rc5 53. a4 Ke6 54. Bf4 Rd5 55. Rc4 Ne7 56. Bg5 Rd7 57. Bxe7 Kxe7 58. Rc6 Rd6 59. Rc7+ Ke6 60. Kg2 Kd5 61. Rc2 Re6 62. f3 Kd4 63. Rc6 Kd5 64. Rc2 Rf6 65. Kf2 Ke5 66. Ke3 Rd6 67. Rc4 Re6 68. Kd3 Kd5 69. Rd4+ Ke5 70. Rc4 Rd6+ 71. Ke3 Rf6 72. Kd3 f4 73. Re4+ Kd5 74. Rxf4 Rxf4 75. gxf4 Kc5 76. Kc3 Kd5 77. Kd3 Kc5 1/2-1/2